[Event "CZE-ch Amateurs Blitz"]
[Site "Hluk"]
[Date "2025.05.09"]
[Round "4"]
[White "Danada, Tomas"]
[Black "Jun, Rudolf"]
[Result "1/2-1/2"]
[WhiteElo "2040"]
[BlackElo "2212"]
[PlyCount "58"]
[EventDate "2025.05.09"]
[EventType "swiss (blitz)"]
[EventRounds "13"]
[EventCountry "CZE"]
[SourceTitle "CB20_2025"]
[SourceDate "2025.05.14"]
[SourceVersion "1"]
[SourceVersionDate "2025.05.14"]
[SourceQuality "1"]

1. g3 d5 2. Bg2 Nf6 3. d3 c6 4. Nd2 g6 5. e4 dxe4 6. dxe4 Bg7 7. Ngf3 0-0 8. 0-0 Qc7 9. Qe2 Bg4 10. h3 Bxf3 11. Nxf3 e5 12. a4 a5 13. Rd1 c5 14. c3 Nc6 15. Nd2 Rad8 16. Nc4 b6 17. Bg5 h6 18. Bxf6 Bxf6 19. Ne3 Ne7 20. Rxd8 Rxd8 21. Rd1 Bg7 22. Rxd8+ Qxd8 23. Qd1 Qxd1+ 24. Nxd1 Kf8 25. Bf1 Nc8 26. Ne3 Bf6 27. h4 Nd6 28. f3 h5 29. Nc4 Nxc4 1/2-1/2

[Event "CZE-ch Amateurs Blitz"]
[Site "Hluk"]
[Date "2025.05.09"]
[Round "13"]
[White "Vojtek, Vladimir"]
[Black "Danada, Tomas"]
[Result "1-0"]
[WhiteElo "2168"]
[BlackElo "2040"]
[PlyCount "79"]
[EventDate "2025.05.09"]
[EventType "swiss (blitz)"]
[EventRounds "13"]
[EventCountry "CZE"]
[SourceTitle "CB20_2025"]
[SourceDate "2025.05.14"]
[SourceVersion "1"]
[SourceVersionDate "2025.05.14"]
[SourceQuality "1"]

1. e4 c5 2. c3 d5 3. exd5 Nf6 4. Qa4+ Nbd7 5. Qb3 Nb6 6. Bb5+ Bd7 7. c4 e6 8. dxe6 fxe6 9. Nf3 Bd6 10. d3 0-0 11. Bxd7 Qxd7 12. Be3 Ng4 13. Nbd2 Rad8 14. 0-0-0 a5 15. Qxb6 a4 16. Ne4 Nxe3 17. fxe3 Be7 18. Qb5 Qc7 19. Rhf1 Ra8 20. Neg5 Rf6 21. Nd2 Rxf1 22. Nxf1 Bxg5 23. Kc2 Kf7 24. b4 axb3+ 25. Qxb3 Bf6 26. Rb1 Ra7 27. Nd2 Qa5 28. a4 Qxa4 29. Qxa4 Rxa4 30. Rxb7+ Kg6 31. Kb3 Ra1 32. Nf3 Rd1 33. Rd7 e5 34. Rd5 Kf5 35. Kc2 Rf1 36. Rxc5 g5 37. d4 Rf2+ 38. Kd3 Rxg2 39. Nxe5 Rxh2 40. Nf3+ 1-0

[Event "Titled Tuesday intern op 01st Apr Early"]
[Site "Chess.com INT"]
[Date "2025.04.01"]
[Round "5"]
[White "Danada, Tomas"]
[Black "Dzhaparov, Medet"]
[Result "0-1"]
[WhiteElo "2189"]
[BlackElo "1678"]
[PlyCount "146"]
[EventDate "2025.04.01"]
[EventType "swiss (blitz)"]
[EventRounds "11"]
[EventCountry "USA"]
[SourceTitle "CB15_2025"]
[SourceDate "2025.04.09"]
[SourceVersion "1"]
[SourceVersionDate "2025.04.09"]
[SourceQuality "1"]

1. e4 e5 2. Nf3 Nc6 3. Bc4 Nf6 4. 0-0 Nxe4 5. Re1 Nd6 6. Nxe5 Nxe5 7. Rxe5+ Be7 8. Bf1 0-0 9. d4 Bf6 10. Re1 Nf5 11. c3 d6 12. Bf4 Bd7 13. Nd2 Re8 14. Qc2 Bg5 15. Bxg5 Qxg5 16. Nf3 Qf6 17. Rxe8+ Rxe8 18. Re1 Rxe1 19. Nxe1 h6 20. Bd3 Qe7 21. Kf1 Nh4 22. Qe2 Qxe2+ 23. Kxe2 Bf5 24. Bc4 Be6 25. d5 Bd7 26. Bd3 Nf5 27. Bxf5 Bxf5 28. Ke3 f6 29. Nf3 Kf7 30. Nd4 Bd7 31. h4 f5 32. Kf4 Kf6 33. h5 c5 34. Ne2 Bb5 35. Ng3 Bd7 36. c4 a6 37. b3 b5 38. Ke3 Ke5 39. f4+ Kf6 40. Kd3 a5 41. Kc3 Ke7 42. a3 Kf6 43. b4 axb4+ 44. axb4 cxb4+ 45. Kxb4 bxc4 46. Kxc4 Ba4 47. Kd4 Bb3 48. Ne2 Bc2 49. Ke3 Be4 50. g3 Bxd5 51. Nc3 Bc6 52. Kd4 Ke6 53. Na2 d5 54. Nb4 Bb7 55. Nd3 Bc6 56. Nc5+ Kd6 57. Nd3 Be8 58. Ne5 Bxh5 59. Kc3 Be8 60. Kd4 g5 61. Nd3 Bd7 62. Ne5 Be8 63. Nd3 gxf4 64. Nxf4 Bf7 65. Nd3 h5 66. Nf4 Ke7 67. Nd3 Kf6 68. Nf4 Kg5 69. Nxd5 Bxd5 70. Kxd5 Kg4 71. Ke5 Kxg3 72. Kxf5 h4 73. Kg5 h3 0-1

[Event "Titled Tuesday intern op 01st Apr Early"]
[Site "Chess.com INT"]
[Date "2025.04.01"]
[Round "11"]
[White "Danada, Tomas"]
[Black "Escartin Lacasa, Jose"]
[Result "1-0"]
[WhiteElo "2189"]
[BlackElo "2302"]
[PlyCount "105"]
[EventDate "2025.04.01"]
[EventType "swiss (blitz)"]
[EventRounds "11"]
[EventCountry "USA"]
[SourceTitle "CB15_2025"]
[SourceDate "2025.04.09"]
[SourceVersion "1"]
[SourceVersionDate "2025.04.09"]
[SourceQuality "1"]

1. Nc3 d5 2. d4 c5 3. e4 e5 4. dxe5 d4 5. Nd5 Nc6 6. Nf3 Bg4 7. Bf4 Nge7 8. e6 Nxd5 9. exf7+ Kxf7 10. Bc4 Qf6 11. Bxd5+ Ke8 12. Bg3 Bxf3 13. Qxf3 Qxf3 14. gxf3 Kd7 15. 0-0-0 Bd6 16. Rhg1 g6 17. c3 Rhf8 18. Bxc6+ Kxc6 19. cxd4 cxd4 20. Bxd6 Kxd6 21. Rxd4+ Kc5 22. Rd5+ Kc6 23. Rg3 Rf7 24. Kd2 Raf8 25. Ke3 Rd7 26. Rxd7 Kxd7 27. Rg5 Ke6 28. f4 Rc8 29. Re5+ Kf6 30. Rd5 Rc2 31. Rd2 Rc1 32. Rd7 Re1+ 33. Kf3 b6 34. Rxa7 Rb1 35. b3 Rb2 36. Ra6 h5 37. Rxb6+ Kg7 38. a4 Kh6 39. a5 Ra2 40. b4 Ra3+ 41. Kg2 h4 42. f5 Kh5 43. fxg6 h3+ 44. Kf1 Kg4 45. g7 Kf3 46. Ke1 Ra1+ 47. Kd2 Rg1 48. Rb7 Kxe4 49. a6 Rg6 50. a7 Kf3 51. a8Q Kxf2 52. Rf7+ Kg1 53. g8Q 1-0

[Event "Titled Tuesday intern op 01st Apr Early"]
[Site "Chess.com INT"]
[Date "2025.04.01"]
[Round "2"]
[White "Danada, Tomas"]
[Black "Jammalamadaka, Vihaan"]
[Result "0-1"]
[WhiteElo "2189"]
[BlackElo "1902"]
[PlyCount "98"]
[EventDate "2025.04.01"]
[EventType "swiss (blitz)"]
[EventRounds "11"]
[EventCountry "USA"]
[SourceTitle "CB15_2025"]
[SourceDate "2025.04.09"]
[SourceVersion "1"]
[SourceVersionDate "2025.04.09"]
[SourceQuality "1"]

1. d4 d5 2. c4 Bf5 3. cxd5 Bxb1 4. Qa4+ c6 5. dxc6 Nxc6 6. Rxb1 Qxd4 7. Qxd4 Nxd4 8. e3 Nc6 9. Bb5 Rc8 10. Nf3 e6 11. Nd4 Bb4+ 12. Bd2 Bxd2+ 13. Kxd2 Nge7 14. Rbc1 0-0 15. Nxc6 bxc6 16. Ba4 Rfd8+ 17. Ke2 g6 18. Rhd1 Kg7 19. Rxd8 Rxd8 20. Rc2 Rd6 21. Rc3 Kf6 22. Ra3 Nd5 23. Bb3 Rd7 24. Ra6 Nb6 25. Ra5 Rc7 26. Rc5 Ke7 27. Kd3 Kd6 28. Kd4 Nd7 29. Rc1 c5+ 30. Kd3 Ne5+ 31. Ke2 c4 32. f4 Nd3 33. Rxc4 Rxc4 34. Bxc4 Nxb2 35. Bb3 Kc5 36. Kd2 Kb4 37. Kc2 Nc4 38. Kd3 Nd6 39. Kd4 Nf5+ 40. Ke4 a5 41. Bd1 Kc3 42. g4 Kd2 43. Bb3 Nxe3 44. g5 Ng4 45. h3 Nf2+ 46. Ke5 Nxh3 47. Kf6 Nxf4 48. Kxf7 e5 49. Kg7 e4 0-1

[Event "Titled Tuesday intern op 04th Mar Early"]
[Site "Chess.com INT"]
[Date "2025.03.04"]
[Round "4"]
[White "Danada, Tomas"]
[Black "Bornholdt, Joa Max"]
[Result "0-1"]
[WhiteElo "2189"]
[BlackElo "2267"]
[PlyCount "74"]
[EventDate "2025.03.04"]
[EventType "swiss (blitz)"]
[EventRounds "11"]
[EventCountry "USA"]
[SourceTitle "CB11_2025"]
[SourceDate "2025.03.12"]
[SourceVersion "1"]
[SourceVersionDate "2025.03.12"]
[SourceQuality "1"]

1. d4 d5 2. c4 e6 3. Nf3 Nf6 4. Qc2 Be7 5. cxd5 exd5 6. Nc3 c6 7. Bg5 0-0 8. e3 h6 9. Bf4 Bd6 10. Bg3 Bxg3 11. hxg3 Re8 12. Bd3 Nbd7 13. 0-0 Nf8 14. Rab1 N8d7 15. b4 a6 16. a4 b5 17. a5 Qe7 18. Rfe1 Bb7 19. e4 dxe4 20. Nxe4 Nxe4 21. Rxe4 Qd6 22. Rf4 Re7 23. Bh7+ Kf8 24. Bf5 Nf6 25. Qc5 Rd8 26. Qxd6 Rxd6 27. Rh4 Nd5 28. Ne5 Nc3 29. Rb2 g6 30. Rxh6 Kg7 31. Ng4 Rxd4 32. Bxg6 Rxg4 33. Rh7+ Kxg6 34. Rh8 Rg5 35. Rc2 Kg7 36. Rb8 Re1+ 37. Kh2 Rh5# 0-1

[Event "Titled Tuesday intern op 04th Mar Early"]
[Site "Chess.com INT"]
[Date "2025.03.04"]
[Round "3"]
[White "Danada, Tomas"]
[Black "Pakhomov, Egor"]
[Result "1-0"]
[WhiteElo "2189"]
[BlackElo "2366"]
[PlyCount "91"]
[EventDate "2025.03.04"]
[EventType "swiss (blitz)"]
[EventRounds "11"]
[EventCountry "USA"]
[SourceTitle "CB11_2025"]
[SourceDate "2025.03.12"]
[SourceVersion "1"]
[SourceVersionDate "2025.03.12"]
[SourceQuality "1"]

1. e4 c5 2. Nf3 d6 3. c3 g6 4. d4 cxd4 5. cxd4 Bg7 6. Nc3 e6 7. Be2 a6 8. Bg5 Ne7 9. Qd2 Nd7 10. Bh6 0-0 11. h4 f5 12. h5 Qe8 13. Bc4 Nb6 14. Bb3 d5 15. e5 Nc4 16. Bxc4 dxc4 17. hxg6 Qxg6 18. Bxg7 Kxg7 19. Rh3 f4 20. 0-0-0 b5 21. Rdh1 b4 22. Rxh7+ Qxh7 23. Rxh7+ Kxh7 24. Ne4 Nd5 25. Qc2 Kg7 26. Qxc4 Bd7 27. Kb1 Bb5 28. Qc1 Bd3+ 29. Ka1 Bxe4 30. Ng5 Bf5 31. g4 Rac8 32. Qg1 Kg6 33. gxf5+ Kxf5 34. Nf3 Rg8 35. Qb1+ Kg4 36. Nh2+ Kh3 37. Qh1 Kh4 38. Nf3+ Kg4 39. Nh2+ Kf5 40. Qb1+ Kg5 41. Nf3+ Kg4 42. Nh2+ Kh3 43. Qh1 Kh4 44. Nf3+ Kg4 45. Qg2+ Kf5 46. Nh4# 1-0

[Event "Titled Tuesday intern op 04th Mar Early"]
[Site "Chess.com INT"]
[Date "2025.03.04"]
[Round "2"]
[White "Napoli, Nicolo"]
[Black "Danada, Tomas"]
[Result "1-0"]
[WhiteElo "2238"]
[BlackElo "2189"]
[PlyCount "45"]
[EventDate "2025.03.04"]
[EventType "swiss (blitz)"]
[EventRounds "11"]
[EventCountry "USA"]
[SourceTitle "CB11_2025"]
[SourceDate "2025.03.12"]
[SourceVersion "1"]
[SourceVersionDate "2025.03.12"]
[SourceQuality "1"]

1. e4 c5 2. Nf3 Nc6 3. d4 cxd4 4. Nxd4 e5 5. Nxc6 dxc6 6. Bd3 Nf6 7. 0-0 Be7 8. Nd2 0-0 9. b3 Re8 10. Bb2 Bf8 11. Nc4 Nd7 12. a4 Qe7 13. Qh5 g6 14. Qf3 Bg7 15. Ba3 Qf6 16. Qg3 Bh6 17. Rad1 Bf4 18. Qf3 Nb6 19. Nd6 Rd8 20. a5 Nd7 21. Bc4 Rf8 22. Nxc8 Rfxc8 23. Rxd7 1-0

[Event "Titled Tuesday intern op 11th Feb Early"]
[Site "Chess.com INT"]
[Date "2025.02.11"]
[Round "8"]
[White "Danada, Tomas"]
[Black "Diachek, Andriy"]
[Result "1-0"]
[WhiteElo "2178"]
[BlackElo "2146"]
[PlyCount "91"]
[EventDate "2025.02.11"]
[EventType "swiss (blitz)"]
[EventRounds "11"]
[EventCountry "USA"]
[SourceTitle "CB08_2025"]
[SourceDate "2025.02.19"]
[SourceVersion "1"]
[SourceVersionDate "2025.02.19"]
[SourceQuality "1"]

1. d4 Nf6 2. Nf3 d5 3. c3 Bg4 4. Ne5 Bf5 5. Qb3 Qc8 6. Bf4 Nbd7 7. e3 e6 8. Nd2 Nxe5 9. Bxe5 Nd7 10. Bg3 c5 11. Nf3 c4 12. Qd1 h6 13. Ne5 Nxe5 14. Bxe5 b5 15. Be2 b4 16. Qa4+ Qd7 17. Qxd7+ Kxd7 18. cxb4 Bxb4+ 19. Kd1 f6 20. Bg3 Rhc8 21. Rc1 Bd6 22. Bxd6 Kxd6 23. Rc3 e5 24. Kc1 exd4 25. exd4 Re8 26. Re3 Be4 27. Bf3 f5 28. Rhe1 g6 29. Bd1 f4 30. R3e2 g5 31. f3 Bg6 32. Rxe8 Bxe8 33. Kd2 Bg6 34. Kc3 a5 35. Ba4 Rb8 36. Re5 Rb4 37. Be8 Bd3 38. Bf7 Rb5 39. Re6+ Kd7 40. Rxh6 Ke7 41. Bg8 Kf8 42. Be6 Kg7 43. Rh5 Bg6 44. Rxg5 Kf6 45. Re5 Rb6 46. Bxd5 1-0

[Event "Titled Tuesday intern op 11th Feb Early"]
[Site "Chess.com INT"]
[Date "2025.02.11"]
[Round "9"]
[White "Danada, Tomas"]
[Black "Jovic, Stanoje"]
[Result "0-1"]
[WhiteElo "2178"]
[BlackElo "2096"]
[PlyCount "96"]
[EventDate "2025.02.11"]
[EventType "swiss (blitz)"]
[EventRounds "11"]
[EventCountry "USA"]
[SourceTitle "CB08_2025"]
[SourceDate "2025.02.19"]
[SourceVersion "1"]
[SourceVersionDate "2025.02.19"]
[SourceQuality "1"]

1. d4 Nf6 2. c4 e6 3. Nc3 Bb4 4. Nf3 0-0 5. Bg5 h6 6. Bh4 g5 7. Bg3 Ne4 8. Qc2 f5 9. e3 d6 10. Bd3 Bxc3+ 11. bxc3 Nf6 12. h4 g4 13. Nd2 b6 14. d5 Nh5 15. Bf4 Nxf4 16. exf4 exd5 17. cxd5 Re8+ 18. Kf1 Qf6 19. Re1 Rxe1+ 20. Kxe1 Na6 21. Nb3 Nc5 22. Nxc5 bxc5 23. g3 Bd7 24. Kd2 Qf7 25. c4 Rb8 26. Rb1 Rb6 27. Qc3 Qg7 28. Qxg7+ Kxg7 29. Kc3 Kf6 30. Rxb6 axb6 31. Bc2 b5 32. cxb5 Bxb5 33. Bd3 Bd7 34. Kb3 c6 35. Bc4 cxd5 36. Bxd5 Ke7 37. a4 Kd8 38. a5 Kc7 39. Kc4 Bc6 40. Be6 Be4 41. Kc3 Kc6 42. Bc8 d5 43. Kd2 Kb5 44. a6 Kb6 45. Ke3 d4+ 46. Kd2 c4 47. Be6 c3+ 48. Ke2 Kxa6 0-1

[Event "Titled Tuesday intern op 11th Feb Early"]
[Site "Chess.com INT"]
[Date "2025.02.11"]
[Round "1"]
[White "Danada, Tomas"]
[Black "Perossa, Nicolas"]
[Result "0-1"]
[WhiteElo "2178"]
[BlackElo "2243"]
[PlyCount "96"]
[EventDate "2025.02.11"]
[EventType "swiss (blitz)"]
[EventRounds "11"]
[EventCountry "USA"]
[SourceTitle "CB09_2025"]
[SourceDate "2025.02.27"]
[SourceVersion "1"]
[SourceVersionDate "2025.02.27"]
[SourceQuality "1"]

1. d4 d5 2. Nf3 Nf6 3. c4 e6 4. Nc3 Be7 5. Bg5 0-0 6. cxd5 Nxd5 7. Bxe7 Qxe7 8. Qc2 Nd7 9. e4 Nxc3 10. bxc3 c5 11. Bd3 b6 12. 0-0 Bb7 13. Rfe1 cxd4 14. cxd4 Rac8 15. Qb2 Nf6 16. Ne5 Rfd8 17. Rad1 Qc7 18. Bb1 Qc3 19. Qxc3 Rxc3 20. f3 b5 21. Kf2 b4 22. Re3 Rdc8 23. Rxc3 Rxc3 24. Ke2 a5 25. Kd2 Ba6 26. Rc1 Rxc1 27. Kxc1 Bb5 28. Bd3 Be8 29. Nc4 a4 30. Ne5 g5 31. Bc4 Nh5 32. Nd3 Nf4 33. Nxf4 gxf4 34. Kd2 Kg7 35. g3 fxg3 36. hxg3 Kf6 37. Ke3 e5 38. dxe5+ Kxe5 39. f4+ Kd6 40. Kd4 f6 41. e5+ fxe5+ 42. fxe5+ Ke7 43. Kc5 b3 44. axb3 a3 45. b4 Bf7 46. Kd4 Bxc4 47. Kc3 a2 48. Kb2 Ke6 0-1

[Event "Titled Tuesday intern op 11th Feb Early"]
[Site "Chess.com INT"]
[Date "2025.02.11"]
[Round "2"]
[White "Danada, Tomas"]
[Black "Ser, Daniel"]
[Result "0-1"]
[WhiteElo "2178"]
[BlackElo "2009"]
[PlyCount "96"]
[EventDate "2025.02.11"]
[EventType "swiss (blitz)"]
[EventRounds "11"]
[EventCountry "USA"]
[SourceTitle "CB09_2025"]
[SourceDate "2025.02.27"]
[SourceVersion "1"]
[SourceVersionDate "2025.02.27"]
[SourceQuality "1"]

1. e4 e5 2. Nc3 Nf6 3. Bc4 Nxe4 4. Qh5 Nd6 5. Qxe5+ Qe7 6. Qxe7+ Bxe7 7. Bb3 0-0 8. Nf3 b6 9. 0-0 Bb7 10. Nd5 Bd8 11. d4 Nc6 12. Bd2 Nb5 13. c3 Na5 14. c4 Nxb3 15. axb3 Bxd5 16. cxd5 Re8 17. Bc3 Bf6 18. Ne5 Nxc3 19. bxc3 Bxe5 20. dxe5 Rxe5 21. c4 d6 22. Rfe1 Rxe1+ 23. Rxe1 Kf8 24. f4 a5 25. Kf2 a4 26. Ra1 a3 27. Ke3 a2 28. Kd2 Ke7 29. Kc2 Kf6 30. Kb2 Kf5 31. g3 h5 32. b4 Ke4 33. Re1+ Kd4 34. Ka1 Kxc4 35. Re7 Kb3 36. b5 Ra4 37. Re3+ Kc4 38. Re7 f5 39. Rxg7 Kb3 40. Rxc7 Re4 41. Rc1 Re2 42. h3 Re3 43. Rg1 Rf3 44. g4 fxg4 45. hxg4 hxg4 46. Re1 g3 47. f5 g2 48. f6 Rf1 0-1

[Event "Titled Tuesday intern op 04th Feb Early"]
[Site "Chess.com INT"]
[Date "2025.02.04"]
[Round "1"]
[White "Danada, Tomas"]
[Black "Casiguran, Phil Martin"]
[Result "0-1"]
[WhiteElo "2178"]
[BlackElo "2116"]
[PlyCount "88"]
[EventDate "2025.02.04"]
[EventType "swiss (blitz)"]
[EventRounds "11"]
[EventCountry "USA"]
[SourceTitle "CB07_2025"]
[SourceDate "2025.02.12"]
[SourceVersion "1"]
[SourceVersionDate "2025.02.12"]
[SourceQuality "1"]

1. d4 Nf6 2. c4 g6 3. Nc3 Bg7 4. e4 d6 5. h3 0-0 6. Bg5 c5 7. d5 e6 8. Bd3 exd5 9. exd5 h6 10. Be3 Re8 11. Nf3 Nbd7 12. 0-0 Ne5 13. Nxe5 Rxe5 14. Re1 Bf5 15. Bxf5 Rxf5 16. Qd2 Kh7 17. Re2 Qd7 18. Rae1 Re8 19. f4 h5 20. Bf2 Rxe2 21. Rxe2 Bh6 22. Bg3 h4 23. Bh2 Nh5 24. Re4 Nf6 25. Re1 a6 26. a4 Nh5 27. Re4 Bg7 28. Kh1 Bxc3 29. Qxc3 Qxa4 30. b3 Qa2 31. Re8 Ng7 32. Re7 b5 33. Qe1 bxc4 34. bxc4 Qxc4 35. Qxh4+ Rh5 36. Qf6 Rf5 37. Qh4+ Nh5 38. Re8 Qc1+ 39. Bg1 Qxf4 40. g4 Qf3+ 41. Kh2 Qf4+ 42. Kh1 Rxd5 43. Qd8 Ng3+ 44. Kg2 Rd2+ 0-1

[Event "Titled Tuesday intern op 04th Feb Early"]
[Site "Chess.com INT"]
[Date "2025.02.04"]
[Round "4"]
[White "Danada, Tomas"]
[Black "Kozlov, Denis1"]
[Result "0-1"]
[WhiteElo "2178"]
[BlackElo "2123"]
[PlyCount "94"]
[EventDate "2025.02.04"]
[EventType "swiss (blitz)"]
[EventRounds "11"]
[EventCountry "USA"]
[SourceTitle "CB07_2025"]
[SourceDate "2025.02.12"]
[SourceVersion "1"]
[SourceVersionDate "2025.02.12"]
[SourceQuality "1"]

1. c4 c6 2. e4 d5 3. exd5 cxd5 4. cxd5 Nf6 5. Nc3 g6 6. Nf3 Bg7 7. Bb5+ Nbd7 8. d6 e6 9. d4 0-0 10. 0-0 a6 11. Be2 b5 12. h3 Bb7 13. Bf4 Nb6 14. Rc1 Rc8 15. Re1 Ne8 16. Be5 Nxd6 17. Bxg7 Kxg7 18. Qd2 Nbc4 19. Bxc4 Nxc4 20. Qe2 Bxf3 21. Qxf3 Qxd4 22. Rcd1 Qf6 23. Qe2 Rfd8 24. Ne4 Qxb2 25. Qf3 Qe5 26. Nd6 Qf6 27. Qxf6+ Kxf6 28. Nxc8 Rxc8 29. Rc1 Rc5 30. Red1 Ke7 31. Kf1 h5 32. Ke2 h4 33. Rd4 g5 34. f4 gxf4 35. Rxf4 Rg5 36. Kf2 Ne5 37. Rc7+ Kd8 38. Rfxf7 Nxf7 39. Rxf7 Rf5+ 40. Rxf5 exf5 41. g3 b4 42. gxh4 a5 43. h5 Ke7 44. Ke3 a4 45. Kd3 f4 46. h6 Kf7 47. h7 Kg7 0-1

[Event "Oberliga Wuerttemberg 2324"]
[Site "Wuerttemberg"]
[Date "2024.04.14"]
[Round "9.4"]
[White "Latzke, Boris Alexander"]
[Black "Danada, Tomas"]
[Result "0-1"]
[WhiteElo "2178"]
[BlackElo "2210"]
[PlyCount "52"]
[EventDate "2023.09.17"]
[EventType "team-tourn"]
[EventRounds "9"]
[EventCountry "GER"]
[SourceTitle "EXT 2025"]
[Source "ChessBase"]
[SourceDate "2024.10.14"]
[SourceVersion "1"]
[SourceVersionDate "2024.10.14"]
[SourceQuality "1"]
[WhiteTeam "Bebenhausen"]
[BlackTeam "Schwaebisch Hall"]
[WhiteTeamCountry "GER"]
[BlackTeamCountry "GER"]

1. d4 Nf6 2. c4 e6 3. Nf3 d5 4. Nc3 Bb4 5. Bg5 dxc4 6. e3 b5 7. Be2 Bb7 8. 0-0 a6 9. a4 c6 10. Qc2 Nbd7 11. e4 h6 12. Bh4 Qb6 13. e5 Nd5 14. Ne4 0-0 15. Rfd1 c5 16. dxc5 Nxc5 17. Nf6+ gxf6 18. Rxd5 Bxd5 19. Qc1 Kh7 20. Bxf6 Ne4 21. Bh4 Bc5 22. Qf4 Bxf2+ 23. Bxf2 Qxf2+ 24. Kh1 Qxe2 25. Re1 Nf2+ 26. Kg1 Qxf3 0-1

[Event "CZE-chT 2324"]
[Site "Czech Republic"]
[Date "2024.04.06"]
[Round "10.7"]
[White "Danada, Tomas"]
[Black "Sorm, Daniel"]
[Result "1-0"]
[WhiteElo "2195"]
[BlackElo "2273"]
[PlyCount "105"]
[EventDate "2023.10.14"]
[EventType "team-tourn"]
[EventRounds "11"]
[EventCountry "CZE"]
[SourceTitle "EXT 2025"]
[Source "ChessBase"]
[SourceDate "2024.10.14"]
[SourceVersion "1"]
[SourceVersionDate "2024.10.14"]
[SourceQuality "1"]
[WhiteTeam "Hostalkova"]
[BlackTeam "Turnov Zikuda"]
[WhiteTeamCountry "CZE"]
[BlackTeamCountry "CZE"]

1. e4 c5 2. Nf3 d6 3. Nc3 Nc6 4. d4 cxd4 5. Nxd4 Nf6 6. Bg5 e6 7. Qd3 Qb6 8. Nb3 Be7 9. Be3 Qc7 10. 0-0-0 0-0 11. Bf4 Rd8 12. Be2 a6 13. g4 b5 14. g5 Ne5 15. Qg3 Nfd7 16. a3 Rb8 17. h4 b4 18. axb4 Rxb4 19. h5 a5 20. g6 fxg6 21. hxg6 hxg6 22. Bxe5 dxe5 23. Qxg6 Nf8 24. Qh5 Rxd1+ 25. Bxd1 a4 26. Qh8+ Kf7 27. Bh5+ Kf6 28. Rh3 Bd6 29. Rf3+ Kg5 30. Rf7 Qxf7 31. Bxf7 Kf6 32. Nd2 Kxf7 33. Nf3 Bd7 34. Qh5+ g6 35. Nxe5+ Kg7 36. Qg5 a3 37. bxa3 Rd4 38. Kb2 Be8 39. Ng4 Nh7 40. Qe3 Bc5 41. Qh6+ Kg8 42. Ne5 Rd6 43. Nc4 Rd7 44. Nb5 Rb7 45. a4 Bxf2 46. Ncd6 Bd4+ 47. Kb3 Bg7 48. Qe3 Re7 49. Nxe8 Rxe8 50. a5 Ra8 51. Qb6 Nf6 52. a6 Kh7 53. Qc6 1-0

[Event "HUN-chT1 Charousek 2324"]
[Site "Hungary"]
[Date "2024.03.10"]
[Round "8.6"]
[White "Ronai, Akos Balazs"]
[Black "Danada, Tomas"]
[Result "1/2-1/2"]
[WhiteElo "2193"]
[BlackElo "2214"]
[PlyCount "105"]
[EventDate "2023.10.08"]
[EventType "team-tourn"]
[EventRounds "11"]
[EventCountry "HUN"]
[SourceTitle "EXT 2025"]
[Source "ChessBase"]
[SourceDate "2024.10.14"]
[SourceVersion "1"]
[SourceVersionDate "2024.10.14"]
[SourceQuality "1"]
[WhiteTeam "SZASTE"]
[BlackTeam "Ajka Sentimento"]
[WhiteTeamCountry "HUN"]
[BlackTeamCountry "HUN"]

1. e4 c6 2. d4 d5 3. e5 Bf5 4. h4 h5 5. Bg5 Qb6 6. Bd3 Qxd4 7. Nf3 Qg4 8. Bxf5 Qxf5 9. c4 Nd7 10. 0-0 Nxe5 11. Nxe5 Qxe5 12. Nc3 dxc4 13. Re1 Qf5 14. Ne4 e6 15. Qc2 Qa5 16. Rad1 Bb4 17. Re3 Qxa2 18. Nd6+ Kf8 19. Nxb7 Nf6 20. Rf3 c3 21. Bxf6 gxf6 22. Rxc3 Bxc3 23. Qxc3 Qa4 24. Rd7 Kg7 25. Nc5 Qg4 26. Rd4 Qg6 27. Rd3 Kh7 28. Nd7 e5 29. Rf3 Rhe8 30. Rxf6 Qg7 31. Rf5 Re6 32. Qf3 Kg8 33. Rxh5 Rd8 34. Rg5 Qxg5 35. hxg5 Rxd7 36. Qe3 Rd1+ 37. Kh2 Rd4 38. g3 Rd7 39. Qc3 e4 40. Qe3 a5 41. Qb6 Rd5 42. Kh3 Kg7 43. Kh4 Rg6 44. Qe3 Re6 45. Qc3+ Kh7 46. Qe1 Rd4 47. g4 Rb4 48. Qc3 e3 49. fxe3 Ree4 50. Qf6 Rxg4+ 51. Kh3 Kg8 52. Qd8+ Kg7 53. Qf6+ 1/2-1/2

[Event "Oberliga Wuerttemberg 2324"]
[Site "Wuerttemberg"]
[Date "2024.02.18"]
[Round "6.6"]
[White "Danada, Tomas"]
[Black "Schroeter, Samuel"]
[Result "1-0"]
[WhiteElo "2210"]
[BlackElo "2133"]
[PlyCount "77"]
[EventDate "2023.09.17"]
[EventType "team-tourn"]
[EventRounds "9"]
[EventCountry "GER"]
[SourceTitle "EXT 2025"]
[Source "ChessBase"]
[SourceDate "2024.10.14"]
[SourceVersion "1"]
[SourceVersionDate "2024.10.14"]
[SourceQuality "1"]
[WhiteTeam "Schwaebisch Hall"]
[BlackTeam "Boeblingen"]
[WhiteTeamCountry "GER"]
[BlackTeamCountry "GER"]

1. d4 g6 2. e4 Bg7 3. Nc3 c5 4. dxc5 Qa5 5. Bd2 Qxc5 6. Nd5 Na6 7. Nf3 e6 8. b4 Qf8 9. Ne3 Nxb4 10. e5 f6 11. Rb1 Nc6 12. Bb5 fxe5 13. Nc4 d5 14. Ncxe5 Nge7 15. Qe2 a6 16. Bd3 Nxe5 17. Nxe5 Nc6 18. f4 Qc5 19. Nxc6 bxc6 20. h4 Bc3 21. h5 gxh5 22. Qxh5+ Kd8 23. Qg5+ Kc7 24. Bxc3 Qxc3+ 25. Ke2 Rb8 26. Rxb8 Kxb8 27. Rxh7 Rxh7 28. Bxh7 Qc4+ 29. Bd3 Qxa2 30. Qe5+ Kb7 31. g4 Bd7 32. Qd6 Kc8 33. g5 Qa1 34. g6 e5 35. Qxe5 Bg4+ 36. Kf2 Qd1 37. Qe3 Qh1 38. Qg3 Be6 39. f5 1-0

[Event "SVK-chT2A 2324"]
[Site "Slovakia"]
[Date "2024.02.10"]
[Round "8.1"]
[White "Danada, Tomas"]
[Black "Sevcik, Matej"]
[Result "1/2-1/2"]
[WhiteElo "2229"]
[BlackElo "2171"]
[PlyCount "73"]
[EventDate "2023.10.07"]
[EventType "team-tourn"]
[EventRounds "11"]
[EventCountry "SVK"]
[SourceTitle "EXT 2025"]
[Source "ChessBase"]
[SourceDate "2024.10.14"]
[SourceVersion "1"]
[SourceVersionDate "2024.10.14"]
[SourceQuality "1"]
[WhiteTeam "Modra II"]
[BlackTeam "Bratislava Doprastav III"]
[WhiteTeamCountry "SVK"]
[BlackTeamCountry "SVK"]

1. c4 Nf6 2. Nc3 c6 3. e4 d5 4. exd5 cxd5 5. d4 g6 6. cxd5 Bg7 7. Bc4 0-0 8. Nge2 Nbd7 9. Bb3 Nb6 10. Nf4 Bg4 11. f3 Bf5 12. g4 g5 13. Nfe2 Bg6 14. Bxg5 Nbxd5 15. Qd2 Rc8 16. Rd1 Qd7 17. Nf4 Nxf4 18. Qxf4 b5 19. Bh6 b4 20. Bxg7 Kxg7 21. Ne2 a5 22. Rc1 Rfd8 23. Rxc8 Rxc8 24. Qd2 Qb5 25. 0-0 h5 26. g5 Nd5 27. Nf4 Nxf4 28. Qxf4 a4 29. Bd1 Bc2 30. g6 fxg6 31. Re1 Qd7 32. Qe5+ Kf7 33. Be2 Qd6 34. Qxd6 exd6 35. Bb5 b3 36. axb3 Bxb3 37. Kf2 1/2-1/2